书目信息 |
| 题名: |
龙舟
|
|
| 作者: | 杜达罗 编著 | |
| 分册: | ||
| 出版信息: | 广州 广东科技出版社 2009 |
|
| 页数: | 99页 | |
| 开本: | 21cm | |
| 丛书名: | 民族传统体育运动系列 | |
| 单 册: | ||
| 中图分类: | G852.9 | |
| 科图分类: | ||
| 主题词: | 龙舟竞赛--民族形式体育--基本知识--中国 , 龙舟竞赛 , 民族形式体育 | |
| 电子资源: | ||
| ISBN: | 978-7-5359-5088-8 | |
| 000 | 00861oam2 2200277 45 | |
| 001 | 1130727484 | |
| 005 | 20110310095554.50 | |
| 010 | @a978-7-5359-5088-8@dCNY10.00 | |
| 100 | @a20110121d2009 em y0chiy50 ea | |
| 101 | 0 | @achi |
| 102 | @aCN@b440000 | |
| 105 | @aa z 000yy | |
| 106 | @ar | |
| 200 | 1 | @a龙舟@ALong Zhou@f杜达罗编著@FDu Da Luo Bian Zhu |
| 210 | @a广州@c广东科技出版社@d2009 | |
| 215 | @a99页@c照片@d21cm | |
| 225 | 2 | @a民族传统体育运动系列 |
| 330 | @a本书分七章,主要介绍了龙舟的历史、龙舟与端午习俗、我国各地龙舟造型与竞渡形式、龙舟竞赛的器材等。 | |
| 461 | 0 | @12001 @a民族传统体育运动系列 |
| 606 | 0 | @a龙舟竞赛@x民族形式体育@x基本知识@y中国 |
| 606 | 0 | @a龙舟竞赛 |
| 606 | 0 | @a民族形式体育 |
| 690 | @aG852.9@v4 | |
| 701 | 0 | @a杜达罗@ADu Da Luo@4编著 |
| 801 | 0 | @aCN@bTANGWEI@c20110310 |
| 905 | @b0531776-79@dG852.9@e236@f4 | |
| 龙舟/杜达罗编著.-广州:广东科技出版社,2009 |
| 99页:照片;21cm.-(民族传统体育运动系列) |
| ISBN 978-7-5359-5088-8:CNY10.00 |
| 本书分七章,主要介绍了龙舟的历史、龙舟与端午习俗、我国各地龙舟造型与竞渡形式、龙舟竞赛的器材等。 |
| ● |
| 相关链接 |
|
|
|
|
正题名:龙舟
索取号:G852.9/236
 
预约/预借
| 序号 | 登录号 | 条形码 | 馆藏地/架位号 | 状态 | 备注 |
| 1 | 0531776 | 205317762 | 第一样本阅览室/ [索取号:G852.9/236] | 在馆 | |
| 2 | 0531777 | 205317771 | 密集书库-体育系/ [索取号:G852.9/236] | 在馆 | |
| 3 | 0531778 | 205317780 | 密集书库-体育系/ [索取号:G852.9/236] | 在馆 | |
| 4 | 0531779 | 205317799 | 第四借阅区/ [索取号:G852.9/236] | 在馆 |